书目信息 |
| 题名: |
封开方言志
|
|
| 作者: | 侯光泉 著 | |
| 分册: | ||
| 出版信息: | 广州 世界图书出版广东有限公司 2017 |
|
| 页数: | 365页 | |
| 开本: | 24cm | |
| 丛书名: | ||
| 单 册: | ||
| 中图分类: | H178 | |
| 科图分类: | ||
| 主题词: | 粤语--方言研究--河南省--封开县 | |
| 电子资源: | ||
| ISBN: | 978-7-5192-3428-7 | |
| 000 | 01240nam0 2200241 450 | |
| 001 | 2457734126 | |
| 005 | 20240111160413.55 | |
| 010 | @a978-7-5192-3428-7@dCNY 58.00 | |
| 100 | @a20180412d2017 em y0chiy50 ea | |
| 101 | 0 | @achi |
| 102 | @aCN@b440000 | |
| 105 | @aab az 000yy | |
| 200 | 1 | @a封开方言志@Afeng kai fang yan zhi@f侯光泉著 |
| 210 | @a广州@c世界图书出版广东有限公司@d2017 | |
| 215 | @a365页@c彩图,地图@d24cm | |
| 300 | @a获得广东省高水平大学建设经费资助 相关研究受国家社科基金青年项目“汉语方言分区语音特征的层级和主次研究——以粤桂毗连地区汉语方言区片划分为例”和国家语委中国语言资源保护工程委托项目“广东汉语方言调查·封开”的经费支持 | |
| 320 | @a有书目(第364-365页) | |
| 330 | @a本书主要对封开境内历史最为久远、使用范围最广的粤方言的语音、词汇、语法以及口传文化做出系统全面地描写和介绍,并跟粤语的权威方言广州话做出相应的比较。内容包括:封开方言概论、封开方言语音分析、封开方言同音字汇、封开方言标音举例、封开方言分类词表等。该书一方面为了解广东西部的老粤语提供了详实可靠的材料,另一方面也为探究粤语起源、东西部粤语之间的演变关系提供宝贵的视角和资料。 | |
| 606 | 0 | @a粤语@x方言研究@y河南省@y封开县 |
| 690 | @aH178@v5 | |
| 701 | 0 | @a侯光泉@Ahou guang quan@4著 |
| 801 | 0 | @aCN@b91MARC@c20180412 |
| 905 | @aBZT@dH178@e3 | |
| 封开方言志/侯光泉著.-广州:世界图书出版广东有限公司,2017 |
| 365页:彩图,地图;24cm |
| 获得广东省高水平大学建设经费资助 相关研究受国家社科基金青年项目“汉语方言分区语音特征的层级和主次研究——以粤桂毗连地区汉语方言区片划分为例”和国家语委中国语言资源保护工程委托项目“广东汉语方言调查·封开”的经费支持 |
| ISBN 978-7-5192-3428-7:CNY 58.00 |
| 本书主要对封开境内历史最为久远、使用范围最广的粤方言的语音、词汇、语法以及口传文化做出系统全面地描写和介绍,并跟粤语的权威方言广州话做出相应的比较。内容包括:封开方言概论、封开方言语音分析、封开方言同音字汇、封开方言标音举例、封开方言分类词表等。该书一方面为了解广东西部的老粤语提供了详实可靠的材料,另一方面也为探究粤语起源、东西部粤语之间的演变关系提供宝贵的视角和资料。 |
| ● |
| 相关链接 |
|
|
|
正题名:封开方言志
索取号:H178/3
 
预约/预借
| 序号 | 登录号 | 条形码 | 馆藏地/架位号 | 状态 | 备注 |
| 1 | 2001736156 | 2001736156 | 辽三/辽宁北配(第三批)/4554/ [索取号:H178/3] | 在馆 | |
| 2 | 2001736157 | 2001736157 | 辽三/辽宁北配(第三批)/4554/ [索取号:H178/3] | 在馆 | |
| 3 | 2001736158 | 2001736158 | 辽三/辽宁北配(第三批)/4554/ [索取号:H178/3] | 在馆 | |
| 4 | 2001736159 | 2001736159 | 辽三/辽宁北配(第三批)/4554/ [索取号:H178/3] | 在馆 | |
| 5 | 2001736160 | 2001736160 | 辽三/辽宁北配(第三批)/4554/ [索取号:H178/3] | 在馆 | |
| 6 | 2001736161 | 2001736161 | 辽三/辽宁北配(第三批)/4554/ [索取号:H178/3] | 在馆 |